00365nam a22001337a 450000500170000000800410001704100130005808200120007110000130008324500350009626000460013130000280017765000260020520240724142645.0240724b |||||||| |||| 00| 0 eng d aEnglsih  a349 SOU lEnglish  aThe South African Law Reports  aCape Town : bJuta and Company Ltd,c1928 bix, 490 pages;c25 cm.  aLegal practice bLaw